=LDR 00000nam 2200000 4500 =001 INLIS000000000030948 =005 20240704091004 =035 ##$$a 0010-061300000030948 =008 240704###########################0#ind## =041 ##$$a ind =082 ##$$a 028.5 =090 ##$$a 028.5, Mua s =100 ##$$a Muakhir, Ali =245 1#$$a Selalu Membantu Musa /$c Ali Muakhir =260 ##$$a Jakarta :$b Bumi Aksara Group =300 ##$$a 23 hlm : $b Ilus ; $c 16 cm =650 #4$$a Bacaan Kanak-kanak =850 ##$$a NBPNMAT =020 ##$$a 978-979-010-437-2 =084 ##$$a 028.5 MUA s =250 ##$$a Seri Kisah Seru 25 Nabi =990 ##$$a 20901600 =990 ##$$a 20901599